000 00587nam a2200181Ia 4500
001 7699
005 20260306160514.0
008 260306t2016||||xx |||||||||||||| ||spa||
041 _aESP
082 _a354.328
_bO65P
100 _aOrganismo de Evaluación y Fiscalización Ambiental
_eAUT
245 0 _aPrincipales criterios resolutivos adoptados en los procedimientos administrativos sancionadores del Organismo de Evaluación y Fiscalización Ambiental (OEFA)
260 _c2016
300 _a214 páginas :
_c24 cm.
650 _aGEN
654 _aCIA
942 _cLIB
_dJUS
_fJUS
_2ddc
_n
999 _c7699
_d7699